| 000 | 00678nam a2200229 i 4500 | ||
|---|---|---|---|
| 001 | bgj | ||
| 100 | 1 |
_aGOLLIN, Rita K. _d(1928- ) |
|
| 245 | 1 | 0 |
_aPortraits of Nathaniel Hawthorne : _ban iconography / _cRita K. Gollin. |
| 260 |
_aDeKalb, Il : _bNorthern Illinois University Press, _cc. 1983. |
||
| 300 |
_aXVII, 122 pp : _bill. ; _c25 cm. |
||
| 504 | _aBibliography p. 121-122. | ||
| 505 | _aIncludes index. | ||
| 600 | 1 | 9 | _aHawthorne, Nathaniel, 1804-1864 |
| 650 | 9 |
_aBiography _y19th century |
|
| 655 | _aPortraits | ||
| 020 | _a0875800874 | ||
| 040 | _cBPK | ||
| 041 | _aeng | ||
| 920 | _a0-87580-087-4 | ||
| 942 | _cKS | ||
| 008 | s uk f |000 0 eng | ||
| 999 |
_c47672 _d47672 |
||
| 856 |
_uhttp://koha.tu.koszalin.pl/cgi-bin/koha/opac-detail.pl?biblionumber=47672 _yKatalog online BPK |
||